|
|
|
|
| LEADER |
01003nam a2200265 a 4500 |
| 001 |
4752592 |
| 008 |
090726s1978 nyu 000 1 eng d |
| 010 |
|
|
|a 85040672
|
| 020 |
|
|
|a 0394743180 (pbk.)
|
| 040 |
|
|
|a DLC
|c DLC
|d DLC
|d OCoLC
|
| 082 |
0 |
0 |
|a 823/.912
|2 19
|
| 100 |
1 |
|
|a Forster, E. M.
|q (Edward Morgan),
|d 1879-1970.
|
| 245 |
1 |
2 |
|a A room with a view /
|c E.M. Forster; edited by Oliver Stallybrass.
|
| 260 |
|
|
|a New York;
|a London :
|b Vintage Books;
|b Penguin Books,
|c 1978
|
| 300 |
|
|
|a 256 p. ;
|c 18 cm.
|
| 541 |
1 |
|
|e 00011876
|
| 650 |
|
0 |
|a British
|z Italy
|x Fiction.
|
| 650 |
|
0 |
|a Young women
|x Fiction.
|
| 651 |
|
0 |
|a Florence (Italy)
|x Fiction.
|
| 651 |
|
0 |
|a England
|x Fiction.
|
| 655 |
|
7 |
|a Humorous stories.
|2 gsafd
|
| 700 |
1 |
|
|a Stallybrass,Oliver.
|
| 852 |
4 |
|
|a Ayesha Abed Library
|j General Shelf.
|
| 999 |
|
|
|c 2951
|d 2951
|
| 952 |
|
|
|0 0
|1 0
|2 ddc
|4 0
|6 823_912000000000000_FOR
|7 0
|9 2667
|a BRACUL
|b BRACUL
|c GEN
|d 2009-08-18
|g 1429.00
|l 9
|m 42
|o 823.912 FOR
|p 3010011876
|r 2025-03-24
|s 2024-11-28
|t 1
|w 2009-08-18
|y BK
|x $16.99
|